000 01021nam a22003015i 4500
001 10605
003 ES-MaACL
005 20230906145924.0
007 t|
008 930428s1993 sp ||||0| spa j
020 _a84-7658-388-5
040 _aM-BN
_bspa
_cM-BN
080 _a141.7
100 1 _aGrassi, Ernesto.
_959707
245 1 3 _aLa filosofía del humanismo
_b: preeminencia de la palabra /
_cErnesto Grassi ; introducción de Emilio Hidalgo-Serna ; [traducción del alemán, Manuel Canet].
250 _a[1ª ed. en Editorial Anthropos].
260 _aBarcelona :
_bAnthropos,
_c1993.
300 _aXV, 207 p ;
_c20 cm.
490 1 _aAutores, textos y temas. Humanismo ;
_v1
504 _aBibliografía. Indice.
650 1 4 _aHumanismo (Filosofía)
_913505
700 1 _aHidalgo-Serna, Emilio.
_963606
700 1 _aCanet, Manuel.
_934488
830 0 _aAutores, textos y temas. Humanismo ;
_v1
_9179685
852 _aES-MaACL
_jL-17979
_bR.123693
999 _c10605
_d10605